LIBRARY & INFORMATION CENTRE, KCAET, TAVANUR

ONLINE PUBLIC ACCESS CATALOGUE (OPAC)

Agricultural engineering: Fundamentals and applications (Record no. 13681)

MARC details
000 -LEADER
fixed length control field 00308nam a22001217a 4500
020 ## - INTERNATIONAL STANDARD BOOK NUMBER
ISBN 9788176222228
082 ## - DEWEY DECIMAL CLASSIFICATION NUMBER
Classification number 631.1
Item number YAD/AG
100 ## - MAIN ENTRY--AUTHOR NAME
Personal name Yadav, S.N
245 ## - TITLE STATEMENT
Title Agricultural engineering: Fundamentals and applications
260 ## - PUBLICATION, DISTRIBUTION, ETC. (IMPRINT)
Place of publication Delhi
Name of publisher Biotech Books
Year of publication 2011
300 ## - PHYSICAL DESCRIPTION
Number of Pages vii+260p.,
942 ## - ADDED ENTRY ELEMENTS (KOHA)
Koha item type Books
Holdings
Withdrawn status Lost status Damaged status Collection code Home library Current library Shelving location Date acquired Source of acquisition Cost, normal purchase price Full call number Accession Number Koha item type
      Non-fiction KAUAET KAUAET General Stacks 31/03/2012 International Books and periodical supply service, New Delhi 800.00 631.1 YAD/AG 23556 Books
      Non-fiction KAUAET KAUAET General Stacks 31/03/2012 International Books and periodical supply service, New Delhi 800.00 631.1 YAD/AG 23557 Books
        KAUAET KAUAET General Stacks 13/06/2016 Universal Research Books, Thrissur 800.00 631.1 YAD/AG 24270 Books
free website counter